| 000 | 00445nam a22001817a 4500 | ||
|---|---|---|---|
| 003 | CEME | ||
| 005 | 20210628204037.0 | ||
| 008 | 210105b xxu||||| |||| 00| 0 eng d | ||
| 020 | _a9693505964 | ||
| 040 | _c. | ||
| 082 | _a891.4392 HAI | ||
| 100 |
_aAshfaq Ahmed _9651 |
||
| 245 | _aHairat kadah | ||
| 260 |
_aLAHORE _bSANG-E-MEEL PUB _c2011 |
||
| 300 | _a218P | ||
| 650 |
_aURDU ADAB-DRAMA.URDU LITERATURE-DRAMA _968402 |
||
| 942 |
_cBK _2ddc |
||
| 999 |
_c575992 _d575992 |
||